000 00790nam a2200241 a 4500
001 BRCA_4624
005 20190320204736.0
008 721107s1962####u--a#####b---#000-0#eng-#
041 _aeng
044 _au
050 4 _aND553.P5
_b.A75 1962
100 1 _aArnheim, Rudolf
_911703
245 1 0 _aPicasso´s Guernica
_bthe Genesis of a Painting
_cby Rudolf Arnheim.
260 _aEstados Unidos de América
_bBerkeley : University of California
_c1962
300 _a139 p.
_bil. (algunas a color), 1 hoja plegable
_c29 cm.
504 _aBibliografía: p. [137]-139
600 1 4 _aPicasso, Pablo
_d1881-1973
_94496
650 1 4 _aGuernica en el arte
_911704
650 1 4 _aCubismo
_911705
650 1 4 _aSimbolismo en el arte
_9624
710 2 _aUniversity of California
_911706
942 _2lcc
_cB
999 _c4328
_d4328